Southville International School and Colleges
Your cart is empty.
  • Cart
  • Lists
    Public lists Eva Luna New books Lux_list list_1
    Your lists Log in to create your own lists
  • Log in to your account
  • Your cookies
  • Search history
Southville International School and Colleges
  • Advanced search
  • Recent comments
  • Most popular
  • Libraries

Log in to your account

Log in with GOOGLE


If you do not have an external account, but do have a local account, you can still log in:

  1. Home
  2. MARC view: Diet in diseases :
Normal view MARC view ISBD view

Diet in diseases : (Record no. 20845)

[ view plain ]
MARC details
000 -LEADER
fixed length control field 00503nam a2200169 a 4500
005 - DATE AND TIME OF LATEST TRANSACTION
control field 20140310183255.0
008 - FIXED-LENGTH DATA ELEMENTS--GENERAL INFORMATION
fixed length control field 041023s19uu xx 00 eng d
050 ## - LIBRARY OF CONGRESS CALL NUMBER
Classification number RM 219
Item number .B219 2003
100 ## - MAIN ENTRY--PERSONAL NAME
Personal name Bansal, Sunita Pant
245 ## - TITLE STATEMENT
Title Diet in diseases :
Remainder of title therapeutic foods that cure & prevent diseases /
260 ## - PUBLICATION, DISTRIBUTION, ETC. (IMPRINT)
Place of publication, distribution, etc New Delhi :
Name of publisher, distributor, etc Pustak Mahal,
Date of publication, distribution, etc 2003.
300 ## - PHYSICAL DESCRIPTION
Extent 102 p. :
Other physical details ill. ;
Dimensions 21 cm.
521 ## - TARGET AUDIENCE NOTE
Target audience note
650 ## - SUBJECT ADDED ENTRY--TOPICAL TERM
Topical term or geographic name as entry element Nutritionally induced diseases.
942 ## - ADDED ENTRY ELEMENTS (KOHA)
Koha item type Books
Source of classification or shelving scheme Library of Congress Classification
Call number prefix Foreign
Holdings
Withdrawn status Lost status Source of classification or shelving scheme Damaged status Home library Current library Shelving location Date acquired Source of acquisition Cost, normal purchase price Total Checkouts Full call number Barcode Date last seen Date checked out Copy number Price effective from Koha item type
    Library of Congress Classification   College Library College Library General Circulation Section 10/23/2004   274.00 1 RM 219 .B219 2003 C5442 05/15/2018 03/01/2017 1 10/10/2013 Books

Diet in diseases :

APA

Bansal S. P., . (2003). Diet in diseases. New Delhi: Pustak Mahal.

Chicago

Bansal Sunita Pant, . 2003. Diet in diseases. New Delhi: Pustak Mahal.

Harvard

Bansal S. P., . (2003). Diet in diseases. New Delhi: Pustak Mahal.

MLA

Bansal Sunita Pant, . Diet in diseases. New Delhi: Pustak Mahal. 2003.

  • Place hold
  • Print
  • Cite
  • Add to your cart (remove)
  • Save record
    BIBTEX Dublin Core MARCXML MARC (non-Unicode/MARC-8) MARC (Unicode/UTF-8) MARC (Unicode/UTF-8, Standard) MODS (XML) RIS
  • More searches
    Search for this title in:
    Other Libraries (WorldCat) Other Databases (Google Scholar) Online Stores (Bookfinder.com) Open Library (openlibrary.org)

Exporting to Dublin Core...

SOUTHVILLE LIBRARY

Southville International School and Colleges Library

1281 Tropical Ave. Cor. Luxembourg St., BF Homes International, Las Pinas City

Tel. No. 8256374 / 252358 Loc. 117/146

Powered by Koha